[Event "PRO League Group Stage"]
[Site "chess.com INT"]
[Date "2017.02.15"]
[Round "6"]
[White "Toshali, V"]
[Black "Makoto, Rodwell"]
[Result "0-1"]
[BlackTitle "IM"]
[WhiteElo "1797"]
[BlackElo "2403"]
[WhiteTeam "Amaravati Yodhas"]
[BlackTeam "Johannesburg Koeksisters"]
[WhiteFideId "5072611"]
[BlackFideId "11000120"]
[EventDate "2017.01.11"]

1. h3 h5 2. e4 c5 3. Nc3 Nc6 4. Bc4 e6 5. d3 a6 6. a4 Nd4 7. Nge2 Rb8 8. O-O b5
9. Ba2 Nf6 10. Nxd4 cxd4 11. Ne2 Qb6 12. axb5 axb5 13. Bg5 Bb7 14. Nf4 Qc5 15.
h4 Bd6 16. Nh3 Ng4 17. f3 Ne3 18. Bxe3 dxe3 19. Qe2 Bg3 20. c3 e5 21. Rad1 Ra8
22. Bb3 Bxh4 23. d4 exd4 24. cxd4 Qb6 25. Qxe3 O-O 26. e5 Qg6 27. Rd2 Rac8 28.
f4 Qe4 29. Qxe4 Bxe4 30. f5 d5 31. exd6 Bf6 32. Re1 Bxf5 33. Rf1 Bg4 34. Nf4 Bg5
35. Rdf2 Kh7 36. Nd5 Be6 37. Rf3 Rcd8 38. Nc7 Bxb3 39. Rxb3 Rxd6 40. Nxb5 Rd5
41. Nc7 Rd6 42. d5 Bf6 43. Rc1 Rc8 44. Rb7 Rd7 45. Rc6 Be5 46. Na6 Rxb7 47. Rxc8
Rxb2 48. Rc6 Rd2 49. Nb4 h4 50. Rc4 Bg3 51. Kf1 g5 52. Re4 Bd6 53. Rg4 Kg6 54.
Ke1 Bxb4 55. Rxb4 Rxd5 56. Kf2 Rd2+ 57. Kf3 f5 58. Rb6+ Kh5 59. g3 Rd3+ 60. Kg2
Rxg3+ 61. Kh2 Ra3 62. Rb8 f4 63. Rb4 Kg4 64. Rb1 Ra2+ 65. Kh1 f3 66. Rg1+ Kh3
67. Rf1 g4 68. Re1 g3 69. Rf1 Rh2+ 70. Kg1 f2+ 71. Rxf2 Rxf2 72. Kh1 Rf1# 0-1

[Event "PRO League Group Stage"]
[Site "chess.com INT"]
[Date "2017.02.15"]
[Round "6"]
[White "Rendle, Thomas E"]
[Black "Svane, Rasmus"]
[Result "1/2-1/2"]
[WhiteTitle "IM"]
[BlackTitle "GM"]
[WhiteElo "2356"]
[BlackElo "2560"]
[WhiteTeam "London Towers"]
[BlackTeam "Hamburg Swashbucklers"]
[WhiteFideId "408760"]
[BlackFideId "4657101"]
[EventDate "2017.01.11"]

1. e4 c6 2. Nc3 d5 3. Nf3 Nf6 4. e5 Ne4 5. d4 Nxc3 6. bxc3 e6 7. Bd3 c5 8. O-O
Be7 9. dxc5 Nd7 10. c4 Nxc5 11. cxd5 Nxd3 12. Qxd3 Qxd5 13. Qxd5 exd5 14. Rd1
Be6 15. Rb1 b6 16. Nd4 Rc8 17. Be3 O-O 18. f4 Bc5 19. Rd2 Bxd4 20. Bxd4 Bf5 21.
Rb2 Rc4 22. c3 Rfc8 23. Kf2 h5 24. g3 Kh7 25. Rb3 Ra4 26. Rdb2 Rcc4 27. Ke3 Be4
28. h3 Bf5 29. Rb5 Be6 30. Rh2 Ra3 31. g4 g6 32. Rf2 hxg4 33. hxg4 Bxg4 34. Rh2+
Kg7 35. Rxd5 Raxc3+ 36. Bxc3 Rxc3+ 37. Rd3 Rc8 38. Ra3 Rc7 39. Rd3 Bf5 40. Rd8
Rc3+ 41. Kf2 Rc2+ 42. Kg3 Rc3+ 43. Kf2 Rc2+ 44. Kg3 Rc3+ 45. Kf2 1/2-1/2

[Event "PRO League Group Stage"]
[Site "chess.com INT"]
[Date "2017.02.15"]
[Round "6"]
[White "Burg, Twan"]
[Black "Howell, David W L"]
[Result "1/2-1/2"]
[WhiteTitle "GM"]
[BlackTitle "GM"]
[WhiteElo "2508"]
[BlackElo "2657"]
[WhiteTeam "Hamburg Swashbucklers"]
[BlackTeam "London Towers"]
[WhiteFideId "1010697"]
[BlackFideId "410608"]
[EventDate "2017.01.11"]

1. e4 c6 2. c4 d5 3. cxd5 cxd5 4. exd5 Nf6 5. Nc3 Nxd5 6. Nf3 e6 7. Bc4 Be7 8.
O-O O-O 9. d4 Nc6 10. Re1 Bf6 11. Ne4 b6 12. Bxd5 exd5 13. Nxf6+ Qxf6 14. Ne5
Re8 15. Nxc6 Rxe1+ 16. Qxe1 Qxc6 17. Bf4 Bf5 18. Qe5 Qd7 19. Re1 f6 20. Qe7 Rc8
21. Qxd7 Bxd7 22. Re7 Re8 1/2-1/2

[Event "PRO League Group Stage"]
[Site "chess.com INT"]
[Date "2017.02.15"]
[Round "6"]
[White "Wang, Tianqi"]
[Black "Francisco, Richard"]
[Result "1/2-1/2"]
[WhiteElo "2199"]
[BlackElo "2273"]
[WhiteTeam "Carolina Cobras"]
[BlackTeam "Atlanta Kings"]
[WhiteFideId "2063824"]
[BlackFideId "2021188"]
[EventDate "2017.01.11"]

1. Nf3 e6 2. c4 f5 3. g3 Nf6 4. Bg2 c6 5. O-O d5 6. b3 Bd6 7. Bb2 O-O 8. d3 Nbd7
9. Nbd2 e5 10. cxd5 cxd5 11. e4 Nc5 12. Nxe5 fxe4 13. dxe4 Qe7 14. f4 Ncxe4 15.
Nxe4 dxe4 16. Bxe4 Nxe4 17. Qd5+ Be6 18. Qxe4 Rad8 19. Rad1 Kh8 20. Kg2 Ba3 21.
Bxa3 Qxa3 22. Rxd8 Rxd8 23. Ng6+ hxg6 24. Qxe6 Qxa2+ 25. Rf2 Rd2 26. Rxd2 Qxd2+
27. Kh3 Kh7 28. Qf7 Qd1 29. Qxb7 1/2-1/2

[Event "PRO League Group Stage"]
[Site "chess.com INT"]
[Date "2017.02.15"]
[Round "6"]
[White "Wang, Tianqi"]
[Black "Gurevich, Daniel"]
[Result "1/2-1/2"]
[BlackTitle "IM"]
[WhiteElo "2199"]
[BlackElo "2455"]
[WhiteTeam "Carolina Cobras"]
[BlackTeam "Atlanta Kings"]
[WhiteFideId "2063824"]
[BlackFideId "2044676"]
[EventDate "2017.01.11"]

1. Nf3 d5 2. c4 d4 3. e3 Nc6 4. d3 Nf6 5. Be2 e5 6. exd4 exd4 7. Bg5 Be7 8. Bxf6
Bxf6 9. O-O O-O 10. Na3 Re8 11. Re1 Bf5 12. Nc2 a5 13. a3 Qd6 14. h3 h6 15. Bf1
Rxe1 16. Qxe1 Qf4 17. Qd1 h5 18. b4 axb4 19. axb4 Rxa1 20. Qxa1 Kh7 21. b5 Ne5
22. Nfe1 Qd2 23. Qa3 g6 24. Qb4 Qd1 25. Qb3 b6 26. g3 h4 27. g4 Be6 28. Qa4 Bg5
29. Qa1 Qxa1 30. Nxa1 f5 31. gxf5 Bxf5 32. Nb3 c5 33. bxc6 Nxc6 34. Bg2 Ne5 35.
Nxd4 Bxd3 36. Nc6 Nxc6 37. Nxd3 Nd4 38. Kf1 Kg7 39. f4 Be7 40. Bd5 Nf5 41. Ke2
Bd6 42. Kf3 Kf6 43. Nf2 Bb4 44. Ne4+ Ke7 45. Nf2 Bd2 46. Nd3 Kd6 47. Be4 Bc3 48.
Kg4 Ne3+ 49. Kxh4 Nxc4 50. Bxg6 b5 51. Kg5 b4 52. Bf7 Nd2 53. Nc1 Bd4 54. Nb3
Be3 55. Nxd2 Bxd2 56. Kf5 Ke7 57. Bb3 Kf8 58. h4 Kg7 59. h5 Kh6 60. Bf7 b3 61.
Bxb3 Kxh5 62. Bf7+ Kh6 63. Ke5 Bxf4+ 64. Kxf4 1/2-1/2

[Event "PRO League Group Stage"]
[Site "chess.com INT"]
[Date "2017.02.15"]
[Round "6"]
[White "Vovk, Andriy"]
[Black "Tristan, Leonardo"]
[Result "1/2-1/2"]
[WhiteTitle "GM"]
[BlackTitle "IM"]
[WhiteElo "2633"]
[BlackElo "2458"]
[WhiteTeam "Philadelphia Inventors"]
[BlackTeam "Buenos Aires Krakens"]
[WhiteFideId "14114470"]
[BlackFideId "113816"]
[EventDate "2017.01.11"]

1. e4 Nf6 2. e5 Nd5 3. d4 d6 4. exd6 exd6 5. Nf3 Be7 6. h3 O-O 7. c4 Nb6 8. Bd3
Nc6 9. a3 Bf6 10. O-O h6 11. Bc2 Ne7 12. Nc3 Bf5 13. Ne4 Bxe4 14. Bxe4 Nxc4 15.
Bxb7 Rb8 16. Ba6 d5 17. b3 Qd6 18. Bxc4 dxc4 19. bxc4 c5 20. Be3 Nf5 21. Qd2
Nxd4 22. Nxd4 cxd4 23. Bf4 Be5 24. Bxe5 Qxe5 25. Qd3 Qc5 26. Rab1 Rxb1 27. Rxb1
Rc8 28. Rb7 Qxc4 29. Qxc4 Rxc4 30. Rxa7 Rc1+ 31. Kh2 d3 32. Rd7 Rc3 33. a4 Ra3 1/2-1/2

[Event "PRO League Group Stage"]
[Site "chess.com INT"]
[Date "2017.02.15"]
[Round "6"]
[White "Norowitz, Yaacov"]
[Black "Tristan, Leonardo"]
[Result "1/2-1/2"]
[WhiteTitle "IM"]
[BlackTitle "IM"]
[WhiteElo "2429"]
[BlackElo "2458"]
[WhiteTeam "Philadelphia Inventors"]
[BlackTeam "Buenos Aires Krakens"]
[WhiteFideId "2024799"]
[BlackFideId "113816"]
[EventDate "2017.01.11"]

1. d4 Nf6 2. Nf3 e6 3. c4 d5 4. Bg5 Bb4+ 5. Nbd2 h6 6. Bxf6 Qxf6 7. Qa4+ Nc6 8.
e3 O-O 9. a3 Bxd2+ 10. Nxd2 Rd8 11. Rc1 e5 12. cxd5 Rxd5 13. Qb3 Rd8 14. d5 Ne7
15. Rxc7 Nxd5 16. Rc5 Nb6 17. Ne4 Qe7 18. Qc3 Nd5 19. Qc2 b6 20. Rc4 Ba6 21. Rc6
Bb7 22. Rc4 Ba6 23. Rc6 Bb7 24. Rc4 Ba6 1/2-1/2

[Event "PRO League Group Stage"]
[Site "chess.com INT"]
[Date "2017.02.22"]
[Round "7"]
[White "Balleisen, Aaron S"]
[Black "Barbosa, Oliver"]
[Result "1-0"]
[BlackTitle "GM"]
[WhiteElo "2127"]
[BlackElo "2518"]
[WhiteTeam "Carolina Cobras"]
[BlackTeam "New York Knights"]
[WhiteFideId "2087073"]
[BlackFideId "5201640"]
[EventDate "2017.01.11"]

1. c4 c6 2. Nf3 d5 3. d4 Nf6 4. Qc2 dxc4 5. Qxc4 Bg4 6. Nc3 Nbd7 7. e4 Bxf3 8.
gxf3 e5 9. d5 Nb6 10. Qb3 Bc5 11. Rg1 g6 12. Bh6 Nfd7 13. dxc6 bxc6 14. O-O-O a5
15. Bg7 a4 16. Nxa4 Rxa4 17. Bxh8 Qa8 18. Rxd7 Nxd7 19. Bc4 Ke7 20. Bxf7 Qxh8
21. Qxa4 Kxf7 22. Qxc6 Ke7 23. Rd1 Bd4 24. Rd3 Qf8 25. a4 Qb8 26. Qc2 Qb4 27.
Kb1 Nc5 28. Ra3 Qe1+ 29. Ka2 Na6 30. Qc4 Qa5 31. f4 Nb4+ 32. Kb3 Na6 33. f5 Qb6+
34. Qb5 gxf5 35. Qxb6 Bxb6 36. exf5 Kf6 37. f3 Kxf5 38. Kc4 Bd4 39. b4 Kf4 40.
a5 h5 41. b5 Nb8 42. a6 Nd7 43. Kd5 Nb6+ 44. Kc6 Nc4 45. a7 Bxa7 46. Rxa7 Kxf3
47. Kc5 Nb2 48. b6 Nd3+ 49. Kc4 e4 50. b7 Ne5+ 51. Kd5 Nd7 52. Kd6 Nb8 53. Kc7
e3 54. Kxb8 e2 55. Ra1 1-0

[Event "PRO League Group Stage"]
[Site "chess.com INT"]
[Date "2017.02.22"]
[Round "7"]
[White "Balleisen, Aaron S"]
[Black "Biag, Ivan Gil"]
[Result "1/2-1/2"]
[BlackTitle "FM"]
[WhiteElo "2127"]
[BlackElo "2337"]
[WhiteTeam "Carolina Cobras"]
[BlackTeam "New York Knights"]
[WhiteFideId "2087073"]
[BlackFideId "5201624"]
[EventDate "2017.01.11"]

1. c4 c6 2. Nf3 d5 3. g3 Nf6 4. Bg2 e6 5. O-O Be7 6. d4 O-O 7. Nbd2 b6 8. Qc2
Bb7 9. e4 dxe4 10. Nxe4 Nbd7 11. Ne5 Nxe5 12. dxe5 Nxe4 13. Bxe4 g6 14. Bh6 Re8
15. h4 Qc7 16. Rae1 c5 17. h5 Bxe4 18. Rxe4 Rad8 19. Kg2 Qc6 20. f3 Qd7 21. hxg6
fxg6 22. Rf2 Qd1 23. Ree2 Qxc2 24. Rxc2 Rd4 25. Rfd2 Red8 26. Be3 Rxd2+ 27. Bxd2
Kf7 28. Kf2 g5 29. g4 Kg6 30. Ke2 h5 31. gxh5+ Kxh5 32. Rc1 Kg6 33. Rh1 Rd4 34.
b3 Rh4 35. Re1 Rh2+ 36. Kd3 Kf5 37. a4 Bd8 38. Re4 Rh3 39. Ke2 Rh2+ 40. Kd3 Rf2
41. Ke3 Rf1 42. b4 Ra1 43. a5 cxb4 44. Bxb4 Rb1 45. Bd6 bxa5 46. c5 Rb3+ 47. Ke2
Rb2+ 48. Ke3 Rb3+ 49. Kf2 Rb2+ 50. Kg3 Rb4 51. c6 Rxe4 52. fxe4+ Kxe4 53. c7
Bxc7 54. Bxc7 a4 55. Bd6 a3 56. Bxa3 Kxe5 57. Kg4 Kd4 58. Bb2+ Ke4 59. Kxg5 e5
60. Kf6 Kd3 61. Bxe5 1/2-1/2

[Event "PRO League Group Stage"]
[Site "chess.com INT"]
[Date "2017.02.22"]
[Round "7"]
[White "Gupta, Abhijeet"]
[Black "Mihok, Oliver"]
[Result "1/2-1/2"]
[WhiteTitle "GM"]
[BlackTitle "GM"]
[WhiteElo "2645"]
[BlackElo "2505"]
[WhiteTeam "Delhi Dynamite"]
[BlackTeam "Budapest Gambit"]
[WhiteFideId "5010608"]
[BlackFideId "728012"]
[EventDate "2017.01.11"]

1. d4 d5 2. Bf4 c5 3. e3 cxd4 4. exd4 Nc6 5. Nc3 a6 6. Nf3 Bg4 7. h3 Bxf3 8.
Qxf3 e6 9. O-O-O Bd6 10. Kb1 Nge7 11. g4 Rc8 12. Qg3 Bxf4 13. Qxf4 Ng6 14. Qe3
O-O 15. Bd3 Qf6 16. Ne2 Nb4 17. g5 Qd8 18. Bxg6 hxg6 19. c3 Nc6 20. h4 Ne7 21.
h5 Nf5 22. Qf4 Qe7 23. Rh3 f6 24. gxf6 Qxf6 25. Rg1 Ne7 26. Qe3 Qf5+ 27. Ka1 Rf6
28. f4 gxh5 29. Qf3 Rg6 30. Rxg6 Qxg6 31. Rxh5 Rf8 32. a3 Rf5 33. Rh4 Rf6 34.
Ng3 Nf5 35. Nxf5 Qxf5 36. Qh1 Kf7 37. Qd1 Qe4 38. Qh5+ Ke7 39. Qg5 Kf7 40. Qh5+
Ke7 41. Rg4 Rf7 42. Qg5+ Kd7 43. Qe5 Qf3 44. Rxg7 Qf1+ 45. Ka2 Rxg7 46. Qxg7+
Kc6 47. Qe5 Kd7 48. a4 Qd1 49. Ka3 a5 50. Qg7+ Kc6 51. Qe7 Qa1+ 52. Kb3 Qd1+ 53.
Ka3 Qa1+ 54. Kb3 Qd1+ 55. Ka3 Qa1+ 1/2-1/2

[Event "PRO League Group Stage"]
[Site "chess.com INT"]
[Date "2017.02.22"]
[Round "7"]
[White "Kunte, Abhijit"]
[Black "Dudukin, Ilya"]
[Result "1-0"]
[WhiteTitle "GM"]
[BlackTitle "FM"]
[WhiteElo "2491"]
[BlackElo "2396"]
[WhiteTeam "Mumbai Movers"]
[BlackTeam "Gorky Stormbringers"]
[WhiteFideId "5002265"]
[BlackFideId "4148576"]
[EventDate "2017.01.11"]

1. Nf3 c5 2. g3 Nc6 3. Bg2 d5 4. O-O Nf6 5. c4 e5 6. cxd5 Nxd5 7. d3 Be7 8. Nc3
Be6 9. Ne4 f6 10. Bd2 Qd7 11. Rc1 b6 12. a3 Rc8 13. Re1 O-O 14. Qa4 Rc7 15. Nc3
Rb8 16. Nxd5 Bxd5 17. Be3 Kh8 18. Nd2 Be6 19. b4 b5 20. Qc2 Nd4 21. Bxd4 exd4
22. bxc5 Rxc5 23. Qb2 Qd6 24. Rb1 Rc3 25. Ne4 Qxa3 26. Qd2 Rcc8 27. Ra1 Qb4 28.
Qf4 a5 29. Reb1 Bb3 30. Bh3 Rd8 31. Bf5 a4 32. Qh4 h6 33. Qh5 Kg8 34. Qg6 Kf8
35. Be6 Bxe6 36. Rxb4 Bxb4 37. Nxf6 gxf6 38. Qxf6+ Bf7 39. Qxh6+ Kg8 40. Qg5+
Kf8 41. Qh6+ Kg8 42. Rb1 Bf8 43. Qg5+ Bg7 44. Rxb5 a3 45. Ra5 a2 46. h4 Ra8 47.
Kg2 Bd5+ 48. Rxd5 a1=Q 49. Rxd8+ Rxd8 50. Qxd8+ Kh7 51. Qd5 Qa6 52. g4 Qf6 53.
Qe4+ Kh8 54. g5 Qf7 55. Kg3 Qh5 56. f4 Qf7 57. f5 Qc7+ 58. Kh3 Qc1 59. f6 Qf1+
60. Kg4 Bf8 61. g6 Qg1+ 62. Kh5 Qf2 63. g7+ Bxg7 64. Qe8+ Kh7 65. Qg6+ Kh8 66.
Qxg7# 1-0

[Event "PRO League Group Stage"]
[Site "chess.com INT"]
[Date "2017.02.22"]
[Round "7"]
[White "Aleskerov, Faik"]
[Black "Finegold, Benjamin"]
[Result "0-1"]
[BlackTitle "GM"]
[WhiteElo "2315"]
[BlackElo "2483"]
[WhiteTeam "San Jose Hackers"]
[BlackTeam "St Louis Arch Bishops"]
[WhiteFideId "13401262"]
[BlackFideId "2000261"]
[EventDate "2017.01.11"]

1. e4 e6 2. c4 b6 3. Nc3 Bb7 4. Nf3 Bb4 5. Bd3 Ne7 6. O-O O-O 7. a3 Bxc3 8. dxc3
d6 9. e5 Ng6 10. Ng5 dxe5 11. Bxg6 fxg6 12. Nxe6 Qxd1 13. Rxd1 Rc8 14. f4 e4 15.
Be3 h6 16. c5 Bc6 17. Rd2 Bd7 18. Nd4 Be8 19. Rad1 Nc6 20. Nxc6 Bxc6 21. Kf2 Re8
22. cxb6 axb6 23. Bd4 Ba4 24. Re1 Rad8 25. b4 Bb5 26. Ke3 Bd3 27. a4 Ra8 28. Ra1
Kf7 29. Rb2 Ra6 30. Be5 Rc8 31. c4 Ke6 32. Bxg7 h5 33. Be5 c6 34. a5 Rca8 35.
Bc7 Kd7 36. b5 Rxa5 37. Rxa5 Rxa5 38. Bxb6 Ra4 39. bxc6+ Kxc6 40. Bd4 Bxc4 41.
Rb6+ Kd5 42. Bb2 Ra2 43. h3 h4 44. Rb8 Bf1 45. Rd8+ Ke6 46. Rb8 Bxg2 47. Rb6+
Kd5 48. Rb5+ Kc4 49. Rb8 Bxh3 50. Kxe4 Bg2+ 51. Ke3 h3 52. Kf2 Kd5 53. Kg3 Ra6
54. Rb4 Kc5 55. Rb8 Kc4 56. Rd8 Rb6 57. Be5 Rb3+ 58. Kh2 Re3 59. Rc8+ Kd5 60.
Rd8+ Ke4 61. Re8 Kf3 62. Rc8 Re1 63. Rc3+ Kg4 64. Rg3+ Kf5 65. Rg5+ Ke4 66. Rxg6
Re2 67. Kg1 Kf3 68. f5 Re1+ 0-1

[Event "PRO League Group Stage"]
[Site "chess.com INT"]
[Date "2017.02.22"]
[Round "7"]
[White "Colovic, Aleksandar"]
[Black "Neiksans, Arturs"]
[Result "1/2-1/2"]
[WhiteTitle "GM"]
[BlackTitle "GM"]
[WhiteElo "2443"]
[BlackElo "2627"]
[WhiteTeam "Belgrade Sparrows"]
[BlackTeam "Riga Magicians"]
[WhiteFideId "15000729"]
[BlackFideId "11601388"]
[EventDate "2017.01.11"]

1. c4 Nf6 2. Nc3 e5 3. Nf3 Nc6 4. e4 Bb4 5. d3 d6 6. a3 Bxc3+ 7. bxc3 h6 8. g3
O-O 9. Bg2 Nd7 10. O-O Nc5 11. Rb1 f5 12. exf5 Bxf5 13. Ne1 Qd7 14. Be3 Rae8 15.
Bxc5 dxc5 16. Bd5+ Be6 17. Rxb7 Bxd5 18. cxd5 Qxd5 19. Rxc7 Rc8 20. Rxc8 Rxc8
21. Ng2 c4 22. dxc4 Qxc4 23. Qf3 e4 24. Qe3 Ne5 25. Nh4 a5 26. Rd1 Nd3 27. Ng6
Qc5 28. Ne7+ Qxe7 29. Rxd3 Re8 30. Rd4 Qxa3 31. Rxe4 Rxe4 32. Qxe4 Qxc3 33. Qe8+
Kh7 34. Qe4+ Kg8 35. Qe8+ Kh7 36. Qe4+ Kg8 37. Qe8+ Kh7 38. Qe4+ Kg8 39. Qe8+
Kh7 1/2-1/2

[Event "PRO League Group Stage"]
[Site "chess.com INT"]
[Date "2017.02.22"]
[Round "7"]
[White "Stripunsky, Alexander"]
[Black "Gonzalez, Renier"]
[Result "0-1"]
[WhiteTitle "GM"]
[BlackTitle "GM"]
[WhiteElo "2536"]
[BlackElo "2451"]
[WhiteTeam "New Jersey Knockouts"]
[BlackTeam "Miami Champions"]
[WhiteFideId "2015315"]
[BlackFideId "3501841"]
[EventDate "2017.01.11"]

1. d4 g6 2. e4 Bg7 3. Nc3 c6 4. Nf3 d5 5. h3 dxe4 6. Nxe4 Nf6 7. Nxf6+ exf6 8.
Bc4 O-O 9. O-O a5 10. a4 Na6 11. c3 Nc7 12. Re1 Nd5 13. Bd2 Be6 14. Bf1 Qd6 15.
Qc1 Qd7 16. Bh6 b5 17. Bxg7 Kxg7 18. Nd2 Nb6 19. axb5 cxb5 20. Ne4 Bc4 21. Bxc4
bxc4 22. Qf4 Qc6 23. Qd6 Rfc8 24. Qxc6 Rxc6 25. Nc5 Nd5 26. Ra4 Nb6 27. Ra2 Nd5
28. g3 Rb6 29. Re2 Rb5 30. Kg2 Rab8 31. Kf3 h5 32. h4 Kg8 33. Kg2 Kg7 34. Kf1 f5
35. Re5 Nf6 36. Re2 Nd5 37. Ke1 f4 38. Kd1 fxg3 39. fxg3 R8b6 40. Nd7 Rd6 41.
Ne5 Nb6 42. Kc2 Re6 43. Kd2 f6 44. Nf3 Rxe2+ 45. Kxe2 Kf7 46. Nd2 Ke6 47. Ne4 g5
48. Nc5+ Kf5 49. Kf3 Nd5 50. Na4 gxh4 51. gxh4 Nf4 52. Ra1 Nd3 53. Rg1 Rb3 54.
Rg8 Nxb2 55. Nxb2 Rxc3+ 56. Ke2 Rc2+ 57. Ke3 Rxb2 58. Rc8 Rb3+ 59. Ke2 a4 60.
Rxc4 a3 61. Kd2 Ke4 62. Kc2 Rh3 63. Ra4 f5 64. Kb1 Rd3 65. Kc2 Rxd4 66. Rxa3 Kf4
67. Ra1 Kg3 68. Kc3 Rxh4 69. Rg1+ Kf2 70. Rg5 f4 71. Kd3 f3 72. Rg8 Rg4 73. Rh8
h4 74. Rh7 Kg3 75. Ke3 Rg8 76. Re7 h3 77. Rf7 Re8+ 78. Kd3 Re1 79. Rg7+ Kf2 80.
Rh7 Kg2 81. Rg7+ Kf2 82. Rh7 Rd1+ 83. Kc2 Rd8 84. Rxh3 Ke2 85. Rh7 Rd5 86. Re7+
Kf1 87. Kc3 f2 88. Rg7 Ke2 89. Re7+ Kf3 90. Rf7+ Ke3 91. Kc4 Rd4+ 92. Kc3 Rf4
93. Re7+ Kf3 0-1

[Event "PRO League Group Stage"]
[Site "chess.com INT"]
[Date "2017.02.22"]
[Round "7"]
[White "Pon, Matt"]
[Black "Kim, Kristina"]
[Result "1-0"]
[WhiteTitle "FM"]
[WhiteElo "2165"]
[BlackElo "1875"]
[WhiteTeam "Johannesburg Koeksisters"]
[BlackTeam "Shymkent Nomads"]
[WhiteFideId "14301644"]
[BlackFideId "13712438"]
[EventDate "2017.01.11"]

1. e4 e5 2. Nf3 Nc6 3. Bb5 Nf6 4. d3 Bc5 5. O-O d6 6. c3 O-O 7. Nbd2 h6 8. h3 a6
9. Ba4 b5 10. Bb3 Bb6 11. Re1 Ne7 12. Nf1 c5 13. Ng3 Qc7 14. Qe2 Ng6 15. Nh2 Re8
16. a4 Bd7 17. Nh5 Nxh5 18. Qxh5 Qd8 19. Qxg6 Be6 20. Bxe6 Rxe6 21. Qh5 Rb8 22.
axb5 axb5 23. Be3 Bc7 24. Ra7 Rf6 25. Ng4 Rg6 26. Rea1 Bb6 27. R7a6 Bc7 28. Qf5
b4 29. c4 Qe8 30. Bd2 Qd8 31. Ne3 Rf6 32. Qh5 Qf8 33. Nd5 1-0

[Event "PRO League Group Stage"]
[Site "chess.com INT"]
[Date "2017.02.22"]
[Round "7"]
[White "Szabo, Gergely-Andras-Gyula"]
[Black "Della Morte, German"]
[Result "1-0"]
[WhiteTitle "GM"]
[BlackTitle "IM"]
[WhiteElo "2549"]
[BlackElo "2375"]
[WhiteTeam "Toronto Dragons"]
[BlackTeam "Buenos Aires Krakens"]
[WhiteFideId "1205064"]
[BlackFideId "113522"]
[EventDate "2017.01.11"]

1. d4 d5 2. c4 c6 3. Nf3 Nf6 4. e3 Bg4 5. Qb3 Qb6 6. Nc3 e6 7. Nh4 Bh5 8. h3 Be7
9. g4 Bg6 10. Nxg6 hxg6 11. Bg2 g5 12. Bd2 Nbd7 13. O-O-O Qxb3 14. axb3 O-O-O
15. Kc2 Nf8 16. Ra1 a6 17. Bf1 dxc4 18. Bxc4 Nd5 19. Ne2 Ng6 20. f4 gxf4 21.
exf4 Nh4 22. Raf1 Bf6 23. Rhg1 g6 24. Rg3 Rd7 25. Bd3 Ne7 26. Bc3 Rhd8 27. Be4
Re8 28. Rd3 Nd5 29. Be1 g5 30. Bd2 gxf4 31. Bxd5 exd5 32. Nxf4 Bg5 33. Nh5 Re2
34. Kd1 Rxd2+ 35. Rxd2 Bxd2 36. Kxd2 Re7 37. Ng3 Kd7 38. Nf5 Nxf5 39. Rxf5 Re4
40. Rxf7+ Ke6 41. Rxb7 Rxd4+ 42. Kc2 Re4 43. Rb6 Kd6 44. Rxa6 Re2+ 45. Kb1 Rh2
46. b4 Rxh3 47. b5 Kc5 48. bxc6 Kd6 49. Kc2 Kc7 50. b4 Rg3 51. b5 Rxg4 52. Ra7+
Kc8 53. Rd7 Rc4+ 54. Kb3 Rc5 55. Kb4 Rc4+ 56. Ka5 d4 57. Kb6 1-0

[Event "PRO League Group Stage"]
[Site "chess.com INT"]
[Date "2017.02.22"]
[Round "7"]
[White "Ostrovskiy, Andrey"]
[Black "Haining, Kyle"]
[Result "1/2-1/2"]
[WhiteTitle "IM"]
[BlackTitle "CM"]
[WhiteElo "2444"]
[BlackElo "2195"]
[WhiteTeam "Las Vegas Desert Rats"]
[BlackTeam "Seattle Sluggers"]
[WhiteFideId "14110326"]
[BlackFideId "2078643"]
[EventDate "2017.01.11"]

1. e4 g6 2. d4 Bg7 3. Nc3 d6 4. h4 Nf6 5. f3 h5 6. Be3 a6 7. Qd2 b5 8. a4 b4 9.
Nd1 a5 10. c3 bxc3 11. bxc3 Ba6 12. Bxa6 Nxa6 13. Nh3 c5 14. d5 Rb8 15. O-O O-O
16. Nb2 Nd7 17. Nc4 Ne5 18. Nxe5 Bxe5 19. Bh6 Re8 20. f4 Bf6 21. f5 c4 22. fxg6
fxg6 23. Nf4 Kh7 24. Ne6 Qb6+ 25. Kh1 Qb2 26. Qf4 Qxc3 27. Rac1 Qe5 28. Ng5+ Kg8
29. Qxe5 Bxe5 30. Rxc4 Nc5 31. Nf3 Bg7 32. Bd2 Rf8 33. Re1 e6 34. dxe6 Nxe6 35.
Bxa5 Rfc8 36. Rxc8+ Rxc8 37. Bb6 Ra8 38. a5 Bf6 39. Rd1 Be7 40. g3 Kf7 41. e5
dxe5 42. Nxe5+ Kg7 43. Rd7 Kf6 44. Nxg6 Bc5 45. Bxc5 Nxc5 46. Rd6+ Kf7 47. Ne5+
Ke7 48. Rd5 Ne4 49. Kh2 Ke6 50. Rb5 Nc3 51. Rb3 Kxe5 52. Rxc3 Rxa5 53. Rc6 Kf5
54. Kh3 Rd5 55. Rh6 Ke4 56. Rg6 Rf5 57. Rg8 Ra5 58. Rh8 Rb5 59. Rg8 Ra5 60. Re8+
Kf5 61. Rg8 Ke4 1/2-1/2

[Event "PRO League Group Stage"]
[Site "chess.com INT"]
[Date "2017.02.22"]
[Round "7"]
[White "Stukopin, Andrey"]
[Black "Colas, Joshua"]
[Result "1/2-1/2"]
[WhiteTitle "GM"]
[BlackTitle "FM"]
[WhiteElo "2586"]
[BlackElo "2328"]
[WhiteTeam "Rio Grande Ospreys"]
[BlackTeam "Webster Windmills"]
[WhiteFideId "24107131"]
[BlackFideId "2044447"]
[EventDate "2017.01.11"]

1. e4 c5 2. Nf3 e6 3. d4 cxd4 4. Nxd4 a6 5. Bd3 Nf6 6. O-O Qc7 7. Qe2 d6 8. c4
g6 9. Nc3 Bg7 10. Be3 O-O 11. Rac1 Nc6 12. Nxc6 bxc6 13. b4 e5 14. Na4 Be6 15.
c5 d5 16. Nb6 dxe4 17. Nxa8 Rxa8 18. Bxa6 Bg4 19. f3 exf3 20. gxf3 Bh3 21. Rfd1
e4 22. Bc4 exf3 23. Qxf3 Bg4 24. Qf4 Qb7 25. Rd6 Bf5 26. Rcd1 Qe7 27. Rxc6 Ng4
28. Bd4 Bxd4+ 29. Qxd4 Ne5 30. Bd5 Rxa2 31. Rb6 Qg5+ 32. Kh1 Re2 33. Rb8+ Kg7
34. Bf3 Be4 35. Bxe4 Qf4 36. Bg2 Re1+ 37. Rxe1 Qxd4 38. h3 Nd3 39. Rf1 Nf2+ 40.
Rxf2 Qxf2 41. Rb7 Qe1+ 42. Kh2 Qe5+ 43. Kh1 Qe1+ 44. Kh2 Qe5+ 45. Kh1 Qe1+ 1/2-1/2

[Event "PRO League Group Stage"]
[Site "chess.com INT"]
[Date "2017.02.22"]
[Round "7"]
[White "Pert, Richard G"]
[Black "Beerdsen, Thomas"]
[Result "1/2-1/2"]
[WhiteTitle "IM"]
[BlackTitle "FM"]
[WhiteElo "2414"]
[BlackElo "2413"]
[WhiteTeam "London Towers"]
[BlackTeam "Apeldoorn Apes"]
[WhiteFideId "404748"]
[BlackFideId "1030108"]
[EventDate "2017.01.11"]

1. d4 Nf6 2. Nf3 e6 3. Bf4 c5 4. e3 Nc6 5. Nbd2 d5 6. c3 Nh5 7. Bg5 Qb6 8. Rb1
h6 9. Bh4 g5 10. Bg3 Nxg3 11. hxg3 Bg7 12. Be2 Bd7 13. dxc5 Qxc5 14. c4 g4 15.
Nh4 h5 16. cxd5 exd5 17. O-O Qe7 18. Nb3 Be6 19. Bb5 O-O 20. Bxc6 bxc6 21. Qc2
Rac8 22. Nc5 Rfd8 23. b4 d4 24. exd4 Rxd4 25. Nf5 Bxf5 26. Qxf5 Rb8 27. Rfe1 Rd5
28. Qf4 1/2-1/2